Vector Mechanics for Engineers Statics and Dynamics (Record no. 609976)
[ view plain ]
| 000 -LEADER | |
|---|---|
| fixed length control field | 00479nam a22001577a 4500 |
| 020 ## - INTERNATIONAL STANDARD BOOK NUMBER | |
| International Standard Book Number | 9780070659940 |
| 040 ## - CATALOGING SOURCE | |
| Transcribing agency | NUST |
| 082 ## - DEWEY DECIMAL CLASSIFICATION NUMBER | |
| Classification number | 620.105 |
| Author Mark | BEE |
| 100 ## - MAIN ENTRY--PERSONAL NAME | |
| Personal name | Ferdinand P. Beer |
| 9 (RLIN) | 13404 |
| 110 ## - MAIN ENTRY--CORPORATE NAME | |
| Corporate name or jurisdiction name as entry element | E. Russell Johnston, Jr. |
| 9 (RLIN) | 123991 |
| 245 ## - TITLE STATEMENT | |
| Title | Vector Mechanics for Engineers Statics and Dynamics |
| 250 ## - EDITION STATEMENT | |
| Edition statement | Eighth Edition |
| 260 ## - PUBLICATION, DISTRIBUTION, ETC. | |
| Place of publication, distribution, etc. | New Delhi: |
| Name of publisher, distributor, etc. | Tata McGraw Hill, |
| Date of publication, distribution, etc. | 2007. |
| 650 ## - SUBJECT ADDED ENTRY--TOPICAL TERM | |
| Topical term or geographic name entry element | Vector Mechanics for Engineers Statics and Dynamics |
| 9 (RLIN) | 123992 |
| 942 ## - ADDED ENTRY ELEMENTS (KOHA) | |
| Source of classification or shelving scheme | |
| Koha item type | Book |
| Withdrawn status | Lost status | Source of classification or shelving scheme | Damaged status | Not for loan | Permanent Location | Current Location | Shelving location | Date acquired | Total Checkouts | Full call number | Barcode | Date last seen | Price effective from | Koha item type |
|---|---|---|---|---|---|---|---|---|---|---|---|---|---|---|
| College of Electrical & Mechanical Engineering (CEME) | College of Electrical & Mechanical Engineering (CEME) | General Stacks | 07/02/2024 | 620.105 BEE | CEME- 44917 | 07/02/2024 | 07/02/2024 | Book |
